000 01073cam a22002891 4500
001 30847
003 BD-RjUL
005 20211209051626.0
008 140412t19681957nyu b 001 0 eng
035 _a(BD-RjUL)30934
040 _aDLC
_cDLC
_dDLC
_dBD-RjUL
_beng
041 1 _aengita
082 0 0 _a160.9
_bENH 1968
100 1 _aEnriques, Federigo.
_d1871-1946.
_992461
245 1 4 _aThe historic development of logic :
_bthe principles and structure of science in the conception of mathematical thinkers /
_cAuthorized translation from the Italian by Jerome Rosenthal.
260 _aNew York :
_bRussell & Russell,
_cc1957 [Reprint 1968].
300 _axi, 271 p ;
_c23 cm.
500 _aTranslation of Per la storia della logica.
504 _aBibliographical footnotes.
504 _aIncludes Index.
504 _a"Bibliographical additions" to chapters I and III, compiled by the translator: p. 261-263.
650 0 _aLogic
_xHistory.
_993701
942 _2ddc
_cBK
999 _c30847
_d30847